Films by Description - Statistics

General Stats
  • This quiz has been taken 24 times
  • The average score is 10 of 20
Answer Stats
Description Film % Correct
2) Escaped mental patient returns to Illinois town to stalk and kill a babysitter Halloween
90%
5) Enormous, man eating shark terrorizes a small New England coastal town Jaws
85%
1) Machete wielding slasher stalkspromiscuous teens at a camp Friday the 13th
80%
4) Woman who stole money stops at a sketchymotel run by a maternal obsessed man Psycho
80%
17) Teens become targets for a sadistic masked killer known as Ghostface Scream
80%
9) Serial killers soul is transferred into a murderous doll on a rampage Childs Play
75%
13) Sadistic killer captures people and tortures themwith complicated puzzles as a twisted game Saw
75%
6) Caretaker of remote hotel goes insane whilehaunted by supernatural forces The Shining
75%
3) Knife gloved maniac haunts and kills inteens in their dreams Nightmare on Elm Street
70%
7) Group of friends encounter cannibalisticfamily led by a disfigured man wielding an mechanical saw Texas Chainsaw Massacre
70%
12) Teen with supernatural powers terrorizes bulliesafter being humiliated at her prom Carrie
65%
10) Teens who covered up a car accident are stalkedby a hook wielding killer I Know What You Did Last Summer
55%
11) Paranormal investigators try to rid a rural RhodeIsland farmhouse of a terrifying demon The Conjuring
30%
16) Young boys soul becomes trapped in a supernaturaldimension called the Further after a bad fall Insidious
25%
18) Crazed killer Art the Clown terrorizes women atan apartment building on Halloween Terrifier
25%
8) Siblings driving home encounter terrifying creature disposing dead bodies who stalks them in an old truck Jeepers Creepers
20%
15) Explorers delve into the Paris Catacombs but discover their inner demons come true As Above So Below
10%
14) Crime author discovers gruesome tapes of violentmurders by a shadowy entity that terrorizes his family Sinister
10%
19) Couple at a remote cabin encounter 3 masked killerswho stalk them outside the home The Strangers
10%
20) Sadistic killer terrorizes a young woman babysittingby making repeated phone calls from inside the house When A Stranger Calls
5%
No matching quizzes found
Score Distribution
Percent of People with Each Score
Percentile by Number Answered
Your Score History
You have not taken this quiz